| 000 | 00589nam a22002177a 4500 | ||
|---|---|---|---|
| 005 | 20170124110024.0 | ||
| 010 | _aA-753152 | ||
| 020 | _c75.00 | ||
| 035 | _aA-753152 | ||
| 037 | _bCen Lib/Ret | ||
| 040 |
_aDPL _bEN |
||
| 082 |
_a515 _bTHA |
||
| 100 |
_aThakur, B.R. _920244 |
||
| 245 |
_aAdvanced calculus / _cby B.R.Thakur [and] Hari Kishan |
||
| 260 |
_bRam Prasad & Sons _c1995-96 _aAgra |
||
| 270 |
_aHospital Road _bAgra-3 |
||
| 300 |
_a364p. : _c20(Hb) _bill. |
||
| 650 |
_aCalculus. _920245 |
||
| 700 |
_aKishan, Hari _920246 |
||
| 942 |
_2ddc _cEN _h515 _mTHA |
||
| 999 |
_c127352 _d127352 |
||